Installing and managing a computer

Salvato in:
Dettagli Bibliografici
Autore principale: Brian Rothery
Natura: Libro
Lingua:Undetermined
Pubblicazione: London Business Books 1968
Soggetti:
Tags: Aggiungi Tag
Nessun Tag, puoi essere il primo ad aggiungerne! !
Thư viện lưu trữ: Trung tâm Học liệu Trường Đại học Cần Thơ
LEADER 00516nam a2200193Ia 4500
001 CTU_87199
008 210402s9999 xx 000 0 und d
082 |a 658 
082 |b R846 
100 |a Brian Rothery 
245 0 |a Installing and managing a computer 
245 0 |c Brian Rothery 
260 |a London 
260 |b Business Books 
260 |c 1968 
650 |a electronic data processing departments 
650 |x management 
904 |i M.Loan 
980 |a Trung tâm Học liệu Trường Đại học Cần Thơ